书目信息 |
| 题名: |
红色交通线
|
|
| 作者: | 袁静 著 | |
| 分册: | ||
| 出版信息: | 郑州 河南人民出版社 1979 |
|
| 页数: | 275页 | |
| 开本: | 19cm | |
| 丛书名: | ||
| 单 册: | ||
| 中图分类: | I247.52 , I247.4 | |
| 科图分类: | ||
| 主题词: | 长篇小说--中国--现代 | |
| 电子资源: | ||
| ISBN: | ||
| 000 | 00600nam0 2200241 45 | |
| 001 | 0179003534 | |
| 005 | 20040420082422.5 | |
| 010 | @dCNY0.51 | |
| 091 | @a10105.221 | |
| 100 | @a19950719d1979 em y0chiy0121 ea | |
| 101 | 0 | @achi |
| 102 | @aCN@b410000 | |
| 105 | @ay z 000ay | |
| 106 | @ar | |
| 200 | 10 | @a红色交通线@Ahong se jiao tong xian@f袁静著 |
| 210 | @a郑州@c河南人民出版社@d1979 | |
| 215 | @a275页@d19cm | |
| 606 | @a长篇小说@y中国@z现代 | |
| 690 | @aI247.52@v3 | |
| 690 | @aI247.4 | |
| 701 | 0 | @a袁静@Ayuan jing@4著 |
| 801 | 0 | @aCN@bNLC@c20040420 |
| 905 | @f1@b10313@dI247.4@e15 | |
| 红色交通线/袁静著.-郑州:河南人民出版社,1979 |
| 275页;19cm |
| ISBN :CNY0.51 |
| ● |
| 相关链接 |
|
|
|
|
正题名:红色交通线
索取号:I247.4/15
 
预约/预借
| 序号 | 登录号 | 条形码 | 馆藏地/架位号 | 状态 | 备注 |
| 1 | 0010312 | 001824529 | 密集书库/ [索取号:I247.4/15] | 在馆 | |
| 2 | 0010313 | 000183170 | 第一样本阅览室/ [索取号:I247.4/15] | 在馆 |